000 00460nam a2200169Ia 4500
008 230917s9999||||xx |||||||||||||| ||und||
020 _cRS 1495.00
040 _e5006764
_aMAIN
041 _aEnglish
082 _a959 C398H
100 _aChavan, Vanita Sable
245 0 _aHistory of Southeast Asia
260 _aJaipur
_bIshika Publishing House
_c2017
300 _aviii, 254 p.
500 _a4890 23/12/2022 OBC22/9678 23/12/2022 Main Budget
942 _cBK
999 _c7702
_d7702